| 000 | 00604nam a22001937a 4500 | ||
|---|---|---|---|
| 999 |
_c4061 _d4061 |
||
| 003 | OSt | ||
| 005 | 20220317083502.0 | ||
| 008 | 220317b ||||| |||| 00| 0 eng d | ||
| 020 | _a9780077429645 | ||
| 040 | _cAlupe University College | ||
| 050 |
_aPE1408 _b.H68 2009 |
||
| 100 | _a Howard, Rebecca Moore | ||
| 245 |
_aWriting matters : _b a handbook for writing and research/ _c Rebecca Moore Howard |
||
| 260 |
_a New York, NY : _b McGraw-Hill, _c©2010 |
||
| 300 |
_a xxx, 867 s. : _bcolor illustrations _c16 cm |
||
| 504 | _aIncludes Index | ||
| 650 | _aSkrivevejledning | ||
| 942 |
_2lcc _cBK _nSO |
||